Online Catalogue and eLibrary

Sinhala maha wanshaya (Record no. 5297)

MARC details
000 -LEADER
fixed length control field 00402nam a2200157Ia 4500
005 - DATE AND TIME OF LATEST TRANSACTION
control field 20250704032629.0
008 - FIXED-LENGTH DATA ELEMENTS--GENERAL INFORMATION
fixed length control field 240331s9999 xx 000 0 und d
020 ## - INTERNATIONAL STANDARD BOOK NUMBER
ISBN 9552105447
082 ## - DDC Classification
Item Number - Author Mark WIJ
Class No. 954
100 ## - MAIN ENTRY--PERSONAL NAME
Personal name Wijesuriya,S
245 #0 - TITLE STATEMENT
Title Sinhala maha wanshaya
260 ## - PUBLICATION, DISTRIBUTION, ETC.
Place of publication, distribution, etc. Nugegoda
Name of publisher, distributor, etc. M.D.Gunsena Book & Co
Date of publication, distribution, etc. 1991
300 ## - PHYSICAL DESCRIPTION
Extent (e.g. Volumes, Pages etc.) 98 p .,
500 ## - GENERAL NOTE
General note A book of Sinhala Mahavamsa Summary
942 ## - Koha item type (Biblio)
Koha item type Books in Stacks (Lending)
Holdings
Lost status Damaged status Collection code Home library Current library Shelving location Date acquired Full call number Accession Number Item type
    Lending WERC Library WERC Library Social Science Cupboard 03/31/2024 954.93 WIJ 3457 Books in Stacks (Lending)

© WERC Library